Представление документа в формате MARC21

Поле Инд. ПП Название Значение
Тип записи a
Библиографический уровень b
001 Контрольный номер RU/IS/BASE/504025497
005 Дата корректировки 20200528185452.2
008 Кодируемые данные 20151221
040 b Код языка каталог. rus
e Правила каталог. PSBO
041 0_ a Код языка текста rus
084 a Индекс другой классификации/Индекс ББК 87.3(0); 60.001(0)
100 1_ a Автор Черткова Е. Л.
q Полное имя Черткова Елена Леонидовна
245 10 a Заглавие Утопия как "философский проект"
504 a Библиография Библиогр. - Примеч.: с. 199 - 201
520 0_ a Аннотация В статье выделены два магистральных направления утопических исканий, разделившие историю утопии на "линию Платона" и "линию Мора". Первая продолжала развиваться преимущественно в лоне философии, вторая - в литературе. Предметом рассматрения является утопия как метафизика или как "философский проект", вклад Платона в фундамент утопической мысли и развитие этого направления в философии Канта и Фихте. Несмотря на принадлежность к разным интеллектуальным традициям, эти мыслители близки в понпимании "государства разума" и роли философии в идеальном государстве
600 a Персоналии Платон
a Персоналии Мор Томас
a Персоналии Кант Иммануил
a Персоналии Фихте Иоганн Готлиб
650 14 a Основная рубрика история философии
a Основная рубрика социальная философия
a Основная рубрика философия
653 a Ключевые слова государство разума
a Ключевые слова Древняя Греция
a Ключевые слова идеальное государство
a Ключевые слова метафизика
a Ключевые слова социальность
a Ключевые слова утопическое сознание
a Ключевые слова утопия
773 08 t Заглавие источника Вопросы философии
d Дата издания источника 2015
g Прочая информация № 5. - С. 190 - 201
w Контрольный № источника RU/IS/BASE/487094272
901 t Тип документа b